| 000 | 00843cam a22002773a 4500 | ||
|---|---|---|---|
| 001 | 17314 | ||
| 003 | PGUSA | ||
| 005 | 20140828083353.0 | ||
| 008 | 051215s2005||||xxu|||||s|||||000 1 eng d | ||
| 040 |
_aPGUSA _beng |
||
| 042 | _adc | ||
| 050 | 4 | _aPZ | |
| 100 | 1 |
_aNesbit, E. _q(Edith), _d1858-1924 |
|
| 245 | 1 | 0 |
_aFive Children and It _h[electronic resource] / _cE. Nesbit |
| 260 |
_bProject Gutenberg, _c2005 |
||
| 506 | _aPublic domain in the USA. | ||
| 516 | _aElectronic text | ||
| 653 | _aBrothers and sisters -- Fiction | ||
| 653 | _aWishes -- Fiction | ||
| 653 | _aFairies -- Fiction | ||
| 653 | _aGreat Britain -- History -- Edward VII, 1901-1910 -- Fiction | ||
| 700 | 1 |
_aMillar, H. R. _q(Harold Robert), _d1869-1942 |
|
| 830 | 0 |
_aProject Gutenberg _v17314 |
|
| 856 | 4 | 0 | _uhttp://www.gutenberg.org/ebooks/17314 |
| 942 | _cEB | ||
| 999 |
_c246569 _d246569 |
||